00240nam a2200097Ia 4500001000800000005001700008008004100025020001800066245003900084260001900123127596520260417160438.0260417s9999 xx 000 0 und d a9786257587594 0aUzay KaşiflericGiulia De Amicis bKetebe Çocuk